UNIVERZÁLNY SNÍMAČ KRÚTIACEHO MOMENTU A OTÁČIEK

Bibliographic Details
Main Authors: Naščák, Ľubomír, 1952- (Author), Banský, Milan, 1945-2012 (Author)
Format: Article
Language:Slovak
ISBN:8022808423

MARC

LEADER 00000naa a2200000uu 4500
001 vtls010961435
003 SK-MaSNL
005 20260302143443.0
008 210910|1999 xo |||||||||||||||||slo|
015 |a SNBRA 
035 |a (urnnbn)urn:nbn:sk:snk:ar-a0bs4c 
035 |a (uuid)003b4352-2e53-4176-bdc6-2bb0379292d3 
035 |a urn:nbn:sk:snk-aaujrz 
040 |a SNKBUCL  |b slo  |c SNKBUCL  |e AACR2 
041 0 |a slo 
044 |a xo  |c SK 
100 1 |a Naščák, Ľubomír,  |d 1952-  |4 aut  |9 204173 
245 1 0 |a UNIVERZÁLNY SNÍMAČ KRÚTIACEHO MOMENTU A OTÁČIEK  |c Ľubomír Naščák, Milan Banský 
700 1 |a Banský, Milan,  |d 1945-2012  |4 aut  |9 38874 
773 0 |t Stroj - nástroj - obrobok  |d Vo Zvolene : Technická univerzita, 1999  |g S. 13-17  |z 8022808423 
958 |a OND 
958 |a article11 
958 |a chapter 
999 |c 1344613  |d 1346543